<?xml version="1.0" encoding="UTF-8"?>
<record
    xmlns:xsi="http://www.w3.org/2001/XMLSchema-instance"
    xsi:schemaLocation="http://www.loc.gov/MARC21/slim http://www.loc.gov/standards/marcxml/schema/MARC21slim.xsd"
    xmlns="http://www.loc.gov/MARC21/slim">

  <leader>01087cam a2200325 a 4500</leader>
  <controlfield tag="001"> </controlfield>
  <controlfield tag="003">DO-SdBNP</controlfield>
  <controlfield tag="005">20210513134155.0</controlfield>
  <controlfield tag="007"> </controlfield>
  <controlfield tag="008">020930s2018   dr a          000 1 spa  </controlfield>
  <datafield tag="010" ind1=" " ind2=" ">
    <subfield code="a"> </subfield>
  </datafield>
  <datafield tag="020" ind1=" " ind2=" ">
    <subfield code="a">9789945503104</subfield>
  </datafield>
  <datafield tag="040" ind1=" " ind2=" ">
    <subfield code="a">BPMSU</subfield>
    <subfield code="c">spa</subfield>
    <subfield code="b">BPMSU</subfield>
  </datafield>
  <datafield tag="082" ind1=" " ind2=" ">
    <subfield code="a">RD861.5</subfield>
    <subfield code="b">R173L</subfield>
    <subfield code="2">22</subfield>
  </datafield>
  <datafield tag="100" ind1="1" ind2=" ">
    <subfield code="a">Ram&#xED;rez, Reina Lissette </subfield>
    <subfield code="d">1983 -</subfield>
  </datafield>
  <datafield tag="245" ind1="1" ind2="0">
    <subfield code="a">L&#xED;nea de retorno /</subfield>
    <subfield code="c">Reina Lissette Ram&#xED;rez </subfield>
    <subfield code="b"> </subfield>
  </datafield>
  <datafield tag="260" ind1=" " ind2=" ">
    <subfield code="a">Santo Domingo :</subfield>
    <subfield code="b">Ministerio de Cultura ;</subfield>
    <subfield code="b">Editora Nacional </subfield>
    <subfield code="c"> 2018</subfield>
  </datafield>
  <datafield tag="300" ind1=" " ind2=" ">
    <subfield code="a">94  p. ;</subfield>
    <subfield code="c">21 cm.</subfield>
    <subfield code="b"> </subfield>
  </datafield>
  <datafield tag="490" ind1="0" ind2=" ">
    <subfield code="a">Poes&#xED;a </subfield>
  </datafield>
  <datafield tag="500" ind1=" " ind2=" ">
    <subfield code="3">Incluye datos biogr&#xE1;ficos del autora en la solapa de la cubierta </subfield>
  </datafield>
  <datafield tag="590" ind1=" " ind2=" ">
    <subfield code="6">Inventariado, 2021/VM</subfield>
  </datafield>
  <datafield tag="611" ind1=" " ind2="4">
    <subfield code="a">Feria Regional del  libro</subfield>
    <subfield code="n">(14 :</subfield>
    <subfield code="d">2018:</subfield>
    <subfield code="c"> Cotu&#xED;, Rep&#xFA;blica Dominicana )</subfield>
  </datafield>
  <datafield tag="650" ind1=" " ind2="4">
    <subfield code="a">Cert&#xE1;menes literarios </subfield>
    <subfield code="z">Cotu&#xED; (Rep&#xFA;blica Dominicana)</subfield>
  </datafield>
  <datafield tag="650" ind1=" " ind2="4">
    <subfield code="a">Poes&#xED;as Dominicanas </subfield>
  </datafield>
  <datafield tag="650" ind1=" " ind2="4">
    <subfield code="a">Literatura dominicana</subfield>
    <subfield code="v"> </subfield>
  </datafield>
  <datafield tag="650" ind1=" " ind2="4">
    <subfield code="a">Libros</subfield>
    <subfield code="x">Industria y comercio </subfield>
    <subfield code="z">Rep&#xFA;blica Dominicana </subfield>
  </datafield>
  <datafield tag="700" ind1="1" ind2=" ">
    <subfield code="a">Milanesse, Otto Oscar </subfield>
    <subfield code="d">1959 -</subfield>
  </datafield>
  <datafield tag="910" ind1=" " ind2=" ">
    <subfield code="a">VMateo</subfield>
  </datafield>
  <datafield tag="942" ind1=" " ind2=" ">
    <subfield code="2">ddc</subfield>
    <subfield code="c">BK</subfield>
  </datafield>
  <datafield tag="952" ind1=" " ind2=" ">
    <subfield code="0">0</subfield>
    <subfield code="1">0</subfield>
    <subfield code="2">ddc</subfield>
    <subfield code="4">0</subfield>
    <subfield code="7">0</subfield>
    <subfield code="8">CD</subfield>
    <subfield code="a">BPMET</subfield>
    <subfield code="b">BPMET</subfield>
    <subfield code="d">2021-05-13</subfield>
    <subfield code="e">Editora Nacional </subfield>
    <subfield code="o">BPMSU CD RD861.5 R173L 2018</subfield>
    <subfield code="p">BPMSU21050074</subfield>
    <subfield code="r">2021-05-13</subfield>
    <subfield code="w">2021-05-13</subfield>
    <subfield code="y">BK</subfield>
    <subfield code="z">Inventariado, 2021/VM</subfield>
  </datafield>
  <datafield tag="952" ind1=" " ind2=" ">
    <subfield code="0">0</subfield>
    <subfield code="1">0</subfield>
    <subfield code="2">ddc</subfield>
    <subfield code="4">0</subfield>
    <subfield code="7">0</subfield>
    <subfield code="8">CD</subfield>
    <subfield code="a">BPMET</subfield>
    <subfield code="b">BPMET</subfield>
    <subfield code="d">2021-05-13</subfield>
    <subfield code="e">Editora Nacional </subfield>
    <subfield code="o">BPMSU CD RD861.5 R173L 2018</subfield>
    <subfield code="p">BPMSU21050075</subfield>
    <subfield code="r">2021-05-13</subfield>
    <subfield code="t">e.2</subfield>
    <subfield code="w">2021-05-13</subfield>
    <subfield code="y">BK</subfield>
    <subfield code="z">Inventariado, 2021/VM</subfield>
  </datafield>
  <datafield tag="952" ind1=" " ind2=" ">
    <subfield code="0">0</subfield>
    <subfield code="1">0</subfield>
    <subfield code="2">ddc</subfield>
    <subfield code="4">0</subfield>
    <subfield code="7">0</subfield>
    <subfield code="8">CD</subfield>
    <subfield code="a">BPMET</subfield>
    <subfield code="b">BPMET</subfield>
    <subfield code="d">2021-05-13</subfield>
    <subfield code="e">Editora Nacional </subfield>
    <subfield code="o">BPMSU CD RD861.5 R173L  2018</subfield>
    <subfield code="p">BPMSU21050076</subfield>
    <subfield code="r">2021-05-13</subfield>
    <subfield code="t">e.3</subfield>
    <subfield code="w">2021-05-13</subfield>
    <subfield code="y">BK</subfield>
    <subfield code="z">Inventariado, 2021/VM</subfield>
  </datafield>
  <datafield tag="999" ind1=" " ind2=" ">
    <subfield code="c">13491</subfield>
    <subfield code="d">13491</subfield>
  </datafield>
</record>
